00597cam a22001697a 4500008004000000020001500040082001600055100002700071245010300098260004000201300001000241650002300251650002900274650001800303999001900321952008700340180718b2005 xxu||||| |||| 00| 0 eng d a019565689X aT39x54 K642 aKishwar, Madhu Purnima aDeepening democracy: challenges of governance and globalization in Indiacby Madhu Purnima Kishwar aNew DelhibOxford Univ. Pressc2005 a334p. aGovernance - India aEconomic reforms - India aGlobalization c403513d403513 00104070aIIPAbIIPAd2005-03-04oT39x54 K642p79960r2018-07-21w2018-07-21yBK